000 00564cam a2200145 4500500
005 20260208010045.0
041 _afre
042 _adc
100 1 0 _aCharles, Shelly
_eauthor
245 0 0 _aRéécritures fictionnelles et réécritures réelles : de la conception du Fils Naturel de Diderot
260 _c2011.
500 _a12
786 0 _nRevue d'histoire littéraire de la France | 111 | 3 | 2011-09-02 | p. 549-565 | 0035-2411
856 4 1 _uhttps://shs.cairn.info/revue-d-histoire-litteraire-de-la-france-2011-3-page-549?lang=fr&redirect-ssocas=7080
999 _c1654973
_d1654973